| 000 | 00646nam a2200229 i 4500 | ||
|---|---|---|---|
| 001 | 12446 | ||
| 003 | BD-RjUL | ||
| 005 | 20211208235308.0 | ||
| 008 | 140128s1979 maua b 001 0 eng | ||
| 035 | _a(BD-RjUL)12495 | ||
| 040 |
_aDLC _cDLC _dDLC _dBD-RjUL _beng |
||
| 041 | _aeng | ||
| 082 | 0 | 0 |
_a580 _bLAP 1979 |
| 100 | 1 |
_aLaetsch, Watson M. _938706 |
|
| 245 | 1 | 0 |
_aPlants : _bbasic concepts in botany / _cWatson M. Laetsch. |
| 260 |
_aBoston : _bLittle, Brown, _cc1979. |
||
| 300 |
_axv, 510 p. : _bill. ; _c24 cm. |
||
| 504 | _aBibliography: p. 483-489. and index. | ||
| 650 | 0 |
_aPlants _938707 |
|
| 942 |
_2ddc _cBK |
||
| 999 |
_c12446 _d12446 |
||